Case Of Veterinary Drug Residues in chicken meat in The southwestern region of Cambodia, ករណីកាកសំណល់បសុឳសថក្នុងសាច់មាន់នៅភាគនិរតីនៃប្រទេសកម្ពុជា (Record no. 25688)

000 -LEADER
fixed length control field 00559nam a22001217a 4500
040 ## - CATALOGING SOURCE
Transcribing agency RUA
082 ## - DEWEY DECIMAL CLASSIFICATION NUMBER
Classification number DVM CHH 2025 B707 Or.1
100 ## - MAIN ENTRY--AUTHOR NAME
Personal name CHHORN CHANCHAKRIYA, ឈន ច័ន្ទចរិយា
245 ## - TITLE STATEMENT
Title Case Of Veterinary Drug Residues in chicken meat in The southwestern region of Cambodia, ករណីកាកសំណល់បសុឳសថក្នុងសាច់មាន់នៅភាគនិរតីនៃប្រទេសកម្ពុជា
260 ## - PUBLICATION, DISTRIBUTION, ETC. (IMPRINT)
Place of publication PHNOM PENH
Name of publisher RUA
Year of publication 2025
300 ## - PHYSICAL DESCRIPTION
Number of Pages ix,41p.
Other physical details ill.
Dimensions 29cm,
942 ## - ADDED ENTRY ELEMENTS (KOHA)
Koha item type MGR
952 ## - LOCATION AND ITEM INFORMATION (KOHA)
Withdrawn status [LOCAL, KOHA] 0
952 ## - LOCATION AND ITEM INFORMATION (KOHA)
Withdrawn status [LOCAL, KOHA] 0
Holdings
Permanent Location Date acquired Koha item type Lost status Shelving location Barcode Current Location Full call number
Library Block B2026-04-09MGR B707B7121105Library Block BDVM CHH 2025 B707 Or.1
Library Block B2026-04-09MGR B707B712022Library Block BDVM CHH 2025 B707 Or.2
មជ្ឈមណ្ឌលឯការនៃសាកលវិទ្យាល័យភូមិន្ទកសិកម្មចំការដូង

Powered by Koha